| 000 | 00544 a2200157 4500 | ||
|---|---|---|---|
| 999 |
_c12877 _d12877 |
||
| 003 | OSt | ||
| 005 | 20240806180634.0 | ||
| 008 | 240806b ||||| |||| 00| 0 eng d | ||
| 020 | _a9780871208552 | ||
| 082 | _a720 | ||
| 100 | _aJay McTighe and Grant Wiggins | ||
| 245 | _aUnderstanding by Design: Professional Development Workbook Attribute not applicable for this product Edition | ||
| 260 |
_bAssociation for Supervision and Curriculum Development; Attribute not applicable for this product edition _c2004 |
||
| 300 | _a295p; | ||
| 942 | _2ddc | ||